MARC

LEADER 00000nas a2200000 a 4500
001 ssj0000612058
003 WaSeSS
005 20200512172242.0
006 m d
007 cr n
008 090527c20089999sp fr pss 0 0spa c
010 |a  2013240009 
016 7 |a 2525051-6  |2 DE-600 
022 |a 1989-211X  |l 1989-211X 
035 |a (WaSeSS)ssj0000612058 
040 |a PUL  |b eng  |c PUL  |d OCLCQ  |d HEBIS  |d OCLCQ  |d IXA  |d OCLCF  |d OCLCO  |d OCL  |d OCLCO  |d OCLCQ  |d AU@  |d CUS  |d WaSeSS 
042 |a pcc 
043 |a cl-----  |a e-sp--- 
245 0 0 |a Naveg@mérica  |h [electronic resource]. 
246 1 3 |a Navegamérica 
246 1 |a Navega América 
260 |a Murcia :  |b Edit.um, Ediciones de la Universidad de Murcia,  |c 2008- 
310 |a Semiannual 
362 1 |a Began with vol. 1, no. 1 (2008). 
500 |a "Revista electrónica de Asociación Española de Americanistas." 
506 |a License restrictions may limit access. 
588 |a Description based on first issue; title from journal home page (publisher's Web site, viewed May 27, 2009). 
588 |a Latest issue consulted: No. 9 (2012) (viewed Jan. 14, 2013). 
650 7 |a Politics and government  |2 fast  |0 (OCoLC)fst01919741 
651 0 |a Latin America  |x History  |v Periodicals. 
651 0 |a Spain  |x History  |v Periodicals. 
651 0 |a Latin America  |x Politics and government  |v Periodicals. 
651 7 |a Latin America.  |2 fast  |0 (OCoLC)fst01245945 
651 7 |a Spain.  |2 fast  |0 (OCoLC)fst01204303 
655 0 |a Electronic journals. 
710 2 |a Universidad de Murcia. 
710 2 |a Asociación Española de Americanistas. 
856 4 0 |z Full text available from Research Library: 01/01/2014 to present  |u https://search.proquest.com/publication/2035785 
856 4 0 |z Full text available from PRISMA Database with HAPI Index: 01/01/2014 to 01/31/2016  |u https://search.proquest.com/publication/2036004